000 00895cam a22002531 4500
001 28864
003 BD-RjUL
005 20211209051335.0
008 140401s1965 mau b 001 0 eng d
035 _a(BD-RjUL)28948
040 _aDLC
_cDLC
_dDLC
_dBD-RjUL
_beng
041 _aeng
082 0 0 _a616.8
_bROC 1965
100 1 _aRogers, Carl R.
_q(Carl Ransom),
_d1902-1987.
_988248
245 1 0 _aClient-centered therapy, its current practice, implications, and theory /
_cby Carl R. Rogers, with chapters contributed by Elaine Dorfman, Thomas Gordon [and] Nicholas Hobbs.
260 _aNew York :
_bHoughton Mifflin
_c1965
300 _axii, 560 p. ;
_c23 cm.
490 0 _aThe Houghton Mifflin psychological series
504 _aBibliography: p. 535-548. and Index
650 0 _aClient-centered psychotherapy.
_988249
942 _2ddc
_cBK
999 _c28864
_d28864